| 000 | 01312cam a22003617a 4500 | ||
|---|---|---|---|
| 003 | CHAP | ||
| 005 | 20220329141624.0 | ||
| 008 | 971013s1967 r 00010 d | ||
| 010 | _a71171 | ||
| 011 | _a72143 | ||
| 035 | _a81697 | ||
| 040 | _cCHAP | ||
| 090 | _aFolleto 1040 | ||
| 100 | 0 | 0 |
_aGalichet, P. F. _944240 |
| 245 | 0 | _aUtilisation des germes entomopathogenes en Amérique Caraíbe; historique et perspectives | |
| 260 |
_aPetir-Bourg, Guadalupe : _bCentre de Recherches Agronomiques des Antilles et de la Guyane, _c(1967) |
||
| 300 | _a15 h. | ||
| 500 | _a6 Congrés d'entomologie. México, 23-26 octobre 1967 | ||
| 590 |
_aBATCH-UPD _b10 _c20130110 _lUCH01 _h0438 |
||
| 590 |
_aBATCH-UPD _b10 _c20130110 _lUCH01 _h2355 |
||
| 590 |
_aBATCH-UPD _b10 _c20130410 _lUCH01 _h0114 |
||
| 590 |
_aBATCH-UPD _b10 _c20130410 _lUCH01 _h1641 |
||
| 590 |
_aBATCH-UPD _b10 _c20130914 _lUCH01 _h1047 |
||
| 590 |
_aCONVERSION _b10 _c20130109 _lUCH01 _h1339 |
||
| 650 | 1 | 4 |
_aControl biológico de plagas. _927587 |
| 650 | 1 | 4 |
_aHongos entomógenos. _956131 |
| 650 | 1 | 4 |
_aMicroorganismos en agricultura. _975527 |
| 711 | 0 |
_aCongreso de Entomología _n(6 : _d1967 : _cMéxico, D.F.) _926672 |
|
| 790 | _aGermes entomopathogenes | ||
| 901 | _aBK | ||
| 942 | _cFOLL | ||
| 949 |
_aFolleto 1040 _bBC _cFOLL _d-35268 _eTS1 _i81697 _si |
||
| 999 |
_c71171 _d71171 |
||